000 00549nam a2200181Ia 4500
003 OSt
005 20210101100728.0
008 190216s9999||||xx |||||||||||||| ||und||
020 _a9788182644205
040 _coclc
082 _a894.812301
_bPUT/P
100 _a Puthoor, Unnikrishnan
_96477
245 0 _aPuthurinte Kathakal /
_cUnnikrishnan Puthoor
260 _bMathrubhumi Printing & publishing,
_aKozhikode:
_c2007.
300 _a304p
650 _aKathakal
942 _cBK
_2ddc
_h894.812301
_iPUT/P
_k894.812301
_mPUT/P
999 _c28958
_d28958